| 000 | 00585nam a22002057a 4500 | ||
|---|---|---|---|
| 001 | 00028622 | ||
| 005 | 20260321110139.0 | ||
| 008 | 260321b ag ||||| |||| 00| 0 spa d | ||
| 020 | _a9506023727 | ||
| 040 |
_aAR-CcCEOS _bspa _cAR-CcCEOS |
||
| 041 | _aspa | ||
| 080 | _a159.964 | ||
| 090 | _bPOR | ||
| 100 | 1 | _aPorge, Erik | |
| 245 |
_aLos nombres del padre en jacques lacan : _bpuntuaciones y problematicas / _cErik Porge |
||
| 264 |
_aBuenos Aires : _bNueva Visión, _cc1998. |
||
| 300 |
_a233 p. ; _c24x15 cm. |
||
| 655 | 0 |
_apsicología _vpsiconoanalisis |
|
| 942 |
_2udc _cBK _n0 |
||
| 999 |
_c28653 _d28653 |
||